| 000 | 00904nam a2200229 a 4500 | ||
|---|---|---|---|
| 001 | 46401 | ||
| 003 | BD-RjUL | ||
| 005 | 20211209054140.0 | ||
| 008 | 160802s1962 ii ||||| b||| 00| 0 ben d | ||
| 035 | _a(BD-RjUL)46519 | ||
| 040 |
_aBD-RjUL _bben _cBD-RjUL _dBD-RjUL |
||
| 041 | _aben | ||
| 082 |
_a891.4414 _bBHR 1962 |
||
| 100 |
_aবন্দোপাধ্যায়, হিরণ্নয় _9112184 |
||
| 245 | 1 | 0 |
_aরবীন্দ্র দর্শন / _cহিরণ্নয় বন্দোপাধ্যায়, |
| 250 | _a৩য় সং. | ||
| 260 |
_aকলিকাতা : _bসাহিত্য সংসদ, _c১৯৬২ |
||
| 300 |
_a১১৫ পৃ. : _bচিত্র ; _c২০ সেমি. |
||
| 600 |
_aTagore, Rabindranath _xPhilosophy _9123457 |
||
| 600 |
_aঠাকুর, রবীন্দ্রনাথ _xদর্শন _9123458 |
||
| 942 |
_2ddc _cBK _08 |
||
| 999 |
_c46401 _d46401 |
||